LEADER 01044nam a2200253 i 4500 001 000000034076 003 CaOOAMICUS 005 20120312000000.0 008 120312s1966 it u000 u ita u 013 $a231 040 $aSeMil$bita 100 1 $aHostie, Raymond,$c.$0(OLS)http://semarc/name/6410 245 13$aIl sacerdote, consigliere spirituale /$cRaymond Hostie ; [traduzione di M.L. Truccato]. 260 $aTorino :$bBorla,$c1966. 300 $a205 p. ;$c21 cm. 490 0 $aBiblioteca di studi psicoreligiosi ;$v5 650 4$aChiesa cattolica - Clero.$0(OLS)http://semarc/subject/5374 700 1 $aTruccato, M.L.$0(OLS)http://semarc/name/15537 830 0$aBiblioteca di studi psicoreligiosi ;$v5.$0(OLS)http://semarc/title/25008 850 $aSeMil 852 $aSeMil$W1$xVenegono$y1$m2C II 396$j231$B231$CSeMilBibl$Z2$F231 $81 961 $aOmaggio: Donazione 996 $6245$aIl sacerdote, consigliere spirituale$9(OLS)http://semarc/title/45889 996 $6260$aTorino :$bBorla$9(OLS)http://semarc/publisher/29913 LEADER 01044nam a2200241 i 4500 001 000000115967 003 CaOOAMICUS 005 20030605000000.0 008 030605s1997 it u000 u ita u 013 $a88656 040 $aSeMil$bita 100 1 $aSimoni, Zef.$0(OLS)http://semarc/name/47331 245 10$aLuci nella tenebra :$bla persecuzione della Chiesa in Albania /$cZef Simoni. 260 $aScutari :$bAt Gjergj Fishta,$c1997. 300 $a135 p. :$bill. + [1] c. di errata corrige. ;$c21 cm. 500 $aIn mezzo al front. : Dedica autografa dell'Autore. - Fondo Card. C.M. Martini. 650 4$aAlbania - Chiesa - Persecuzioni.$0(OLS)http://semarc/subject/20460 850 $aSeMil 852 $aSeMil$W1$xVenegono$y1$m3C II 67$j71454$B71454$CSeMilBibl$Z2$F85288 $81 941 1 $a4 961 $aOmaggio: Martini Card. Carlo Maria 996 $6245$aLuci nella tenebra :$bla persecuzione della Chiesa in Albania$9(OLS)http://semarc/title/169949 996 $6260$aScutari :$bAt Gjergj Fishta$9(OLS)http://semarc/publisher/45289